00501 2200193 4500001002100000005001500021008004100036020002200077035001900099041000700118082001500125090002100140100001800161245003600179260004000215300002500255500001100280650001600291INLIS00000000000243520241224112534241224||||||||| | ||| |||| || |  a978-602-9018-19-6 0010-1224002435 aid0 a610.730699 a610.730699 ARI p0 aArita Murwani00aPerawatan Pasien Penyakit Dalam aYogyakartabGosyen Publishingc2011 ax;186 hlm;14 x 20 cm aCet. 1 0aImu Terapan